[Event "GRE-chT 43rd"]
[Site "Porto Rio"]
[Date "2015.10.11"]
[Round "6.8"]
[White "Hatziara, Dimitra"]
[Black "Asvestopoulou, Evdokia"]
[Result "1-0"]
[WhiteElo "1484"]
[BlackElo "1689"]
[PlyCount "105"]
[EventDate "2015.10.08"]
[EventType "team-swiss"]
[EventRounds "7"]
[EventCountry "GRE"]
[SourceTitle "CBM 168 Extra"]
[Source "ChessBase"]
[SourceDate "2015.10.29"]
[SourceVersion "1"]
[SourceVersionDate "2015.10.29"]
[SourceQuality "1"]
[WhiteTeam "Alexandroupolis Ethnikos"]
[BlackTeam "Piraikos"]
[WhiteTeamCountry "GRE"]
[BlackTeamCountry "GRE"]

1. e4 c5 2. Nf3 a6 3. Nc3 Nc6 4. d3 g6 5. g3 Bg7 6. Bg2 e6 7. 0-0 Nge7 8. Nh4 d6 9. f4 0-0 10. Kh1 Rb8 11. Nf3 Nd4 12. Ne2 b5 13. Nfxd4 cxd4 14. c3 dxc3 15. Nxc3 Qb6 16. Rb1 Bb7 17. Re1 Rfc8 18. Be3 Qd8 19. d4 d5 20. e5 h5 21. Ne2 Nf5 22. Nc1 Bf8 23. Bf1 Qb6 24. Qd2 Rc7 25. Nb3 Rbc8 26. Rbc1 Rxc1 27. Rxc1 Rxc1 28. Nxc1 a5 29. Bf2 b4 30. Qd3 Be7 31. Qb5 Qc7 32. Nb3 Bd8 33. Nc5 Bc6 34. Qd3 Qa7 35. Qa6 Bb6 36. Qc8+ Kg7 37. Qxc6 Ne7 38. Qb5 Qc7 39. Qd7 Qxd7 40. Nxd7 Ba7 41. Nc5 Nf5 42. Bd3 Ne7 43. Kg2 Kf8 44. Bb5 Nf5 45. Kf1 Ke7 46. Ke2 Kd8 47. Kd3 Kc7 48. Ba4 Bb6 49. h3 Kd8 50. g4 hxg4 51. hxg4 Nh6 52. g5 Nf5 53. a3 1-0

[Event "GRE-chT 42nd"]
[Site "Porto Rio"]
[Date "2014.07.03"]
[Round "7.5"]
[White "Hatziara, Dimitra"]
[Black "Nikolaidou, Eleni"]
[Result "0-1"]
[WhiteElo "1391"]
[BlackElo "1816"]
[PlyCount "58"]
[EventDate "2014.06.28"]
[EventType "team-swiss"]
[EventRounds "7"]
[EventCountry "GRE"]
[SourceTitle "CBM 161 Extra"]
[Source "ChessBase"]
[SourceDate "2014.08.29"]
[SourceVersion "1"]
[SourceVersionDate "2014.08.29"]
[SourceQuality "1"]
[WhiteTeam "Alexandroupolis Ethnikos"]
[BlackTeam "Aigialeias Interior"]
[WhiteTeamCountry "GRE"]
[BlackTeamCountry "GRE"]

1. d4 d5 2. Nf3 Bf5 3. Bg5 h6 4. Bh4 Nd7 5. e3 Ngf6 6. Bd3 Bxd3 7. Qxd3 e6 8. 0-0 Be7 9. c4 c6 10. Nc3 0-0 11. c5 e5 12. Qe2 Ne4 13. Bxe7 Qxe7 14. Qc2 f5 15. Nd2 Rae8 16. b4 a6 17. a4 Ndf6 18. Rfb1 Ng4 19. Ndxe4 fxe4 20. Rf1 exd4 21. exd4 Qc7 22. g3 h5 23. Rae1 Rf3 24. Nd1 Ref8 25. h3 Nh6 26. Kg2 Nf5 27. Qe2 Nxg3 28. fxg3 Qxg3+ 29. Kh1 Rxf1+ 0-1

[Event "GRE-chT 42nd"]
[Site "Porto Rio"]
[Date "2014.06.30"]
[Round "4.5"]
[White "Hatziara, Dimitra"]
[Black "Barogianni, Sotiria"]
[Result "0-1"]
[WhiteElo "1391"]
[BlackElo "1571"]
[PlyCount "90"]
[EventDate "2014.06.28"]
[EventType "team-swiss"]
[EventRounds "7"]
[EventCountry "GRE"]
[SourceTitle "CBM 161 Extra"]
[Source "ChessBase"]
[SourceDate "2014.08.29"]
[SourceVersion "1"]
[SourceVersionDate "2014.08.29"]
[SourceQuality "1"]
[WhiteTeam "Alexandroupolis Ethnikos"]
[BlackTeam "Korydallos"]
[WhiteTeamCountry "GRE"]
[BlackTeamCountry "GRE"]

1. e4 c5 2. Nf3 d6 3. Bb5+ Nd7 4. c3 Ngf6 5. Qe2 a6 6. Ba4 b5 7. Bc2 c4 8. 0-0 Bb7 9. b3 cxb3 10. axb3 Nc5 11. d3 g6 12. Nbd2 Bg7 13. d4 Ncd7 14. Bb2 0-0 15. Ra2 Qc7 16. c4 bxc4 17. bxc4 e5 18. Rd1 exd4 19. Bxd4 Rfe8 20. Rda1 Nc5 21. Bxc5 Qxc5 22. Ra5 Qc7 23. R1a2 Nxe4 24. Bxe4 Bxe4 25. Nxe4 f5 26. Nfd2 fxe4 27. Rxa6 Rxa6 28. Rxa6 Qb8 29. h3 Be5 30. Ra5 Qb2 31. Qd1 Bc3 32. Rd5 Ra8 33. Nf1 Ra2 34. Qg4 Qxf2+ 35. Kh2 Qxf1 36. Qc8+ Kg7 37. Qd7+ Kh6 38. Qg4 Be5+ 39. Rxe5 dxe5 40. Qh4+ Kg7 41. Qe7+ Qf7 42. Qxe5+ Kh6 43. Qxe4 Qc7+ 44. Kg1 Ra1+ 45. Kf2 Qf7+ 0-1

[Event "GRE-chT 42nd"]
[Site "Porto Rio"]
[Date "2014.06.28"]
[Round "1.5"]
[White "Hatziara, Dimitra"]
[Black "Makka, Ioulia"]
[Result "0-1"]
[WhiteElo "1391"]
[BlackElo "2185"]
[PlyCount "134"]
[EventDate "2014.06.28"]
[EventType "team-swiss"]
[EventRounds "7"]
[EventCountry "GRE"]
[SourceTitle "CBM 161 Extra"]
[Source "ChessBase"]
[SourceDate "2014.08.29"]
[SourceVersion "1"]
[SourceVersionDate "2014.08.29"]
[SourceQuality "1"]
[WhiteTeam "Alexandroupolis Ethnikos"]
[BlackTeam "Irakleiou Contact"]
[WhiteTeamCountry "GRE"]
[BlackTeamCountry "GRE"]

1. e4 c6 2. d4 d5 3. exd5 cxd5 4. Bd3 Nc6 5. c3 Nf6 6. Bf4 Bg4 7. Qb3 Qc8 8. Nd2 e6 9. Ngf3 Be7 10. 0-0 0-0 11. Rae1 Bh5 12. Ne5 Nxe5 13. Bxe5 Bg6 14. Bxg6 hxg6 15. h3 a6 16. Re3 b5 17. Qd1 Nh7 18. Rfe1 Qd8 19. Bh2 b4 20. Nf3 Qa5 21. Qa1 bxc3 22. bxc3 Rfc8 23. Nd2 Rc6 24. Rb1 Rac8 25. Rb3 Bg5 26. Rd3 Bxd2 27. Rxd2 Rxc3 28. Rxc3 Qxc3 29. Qxc3 Rxc3 30. Kf1 Nf6 31. f3 g5 32. Kf2 Kh7 33. Be5 Nd7 34. Rb2 Kg6 35. Bd6 Rc6 36. Be7 Nb6 37. Bc5 Na4 38. Rc2 e5 39. Ke3 Kf5 40. g3 Nxc5 41. dxc5 Ke6 42. f4 gxf4+ 43. gxf4 Kf5 44. fxe5 Kxe5 45. Kd3 d4 46. Kc4 d3 47. Kxd3 Rh6 48. c6 Rxh3+ 49. Kc4 Kd6 50. Kb4 Kc7 51. Ka5 Ra3+ 52. Kb4 Rf3 53. Ka5 Rf6 54. Rg2 g6 55. Kxa6 Rxc6+ 56. Kb5 f5 57. a4 f4 58. a5 f3 59. Rf2 Rf6 60. Kc5 Rf4 61. Kd5 g5 62. Ke5 Kb7 63. Kd5 Ka6 64. Kc5 g4 65. Rf1 f2 66. Kd5 g3 67. Ke5 g2 0-1